000 01129cam a22003137a 4500
003 CHAP
005 20220329142311.0
008 000524d2000 mx r 00110 spa d
010 _a81268
011 _a82240
035 _a92729
040 _cCHAP
090 _aTesis
100 0 0 _aPeralta Fernando, Miguel.
_987021
245 1 0 _aEvaluación de un proyecto productivo de achiote (Bixa orellana L.) en dos comunidades :
_bHunukú y Quintana Roo, Yucatán, México
_c/por Miguel Peralta Fernando
260 _aMerida, Yuc. :
_bEl autor,
_c2000.
300 _a140 h.
502 _aTesis (Ing. Agr. Esp. en Zonas Tropicales) -- UACH. Centro Regional Universitario Península de Yucatán
590 _aALEPH
_b10
_c20130110
_lUCH01
_h1435
590 _aBATCH-UPD
_b10
_c20130109
_lUCH01
_h2356
590 _aBATCH-UPD
_b10
_c20130110
_lUCH01
_h0804
590 _aCONVERSION
_b10
_c20130109
_lUCH01
_h1345
650 1 4 _aBixa orellana.
_912967
901 _aBK
905 _aAlejandra Carrasco M.
942 _cFOLL
949 _bBC
_cTES
_d33724000781308
_eTS2
_fc.2
_h36069
_i92729
_si
949 _bBC
_cTES
_d927291
_eTS1
_h36068
_i92729
_sb
999 _c81268
_d81268